<?xml version="1.0" encoding="UTF-8"?>
<record
    xmlns:xsi="http://www.w3.org/2001/XMLSchema-instance"
    xsi:schemaLocation="http://www.loc.gov/MARC21/slim http://www.loc.gov/standards/marcxml/schema/MARC21slim.xsd"
    xmlns="http://www.loc.gov/MARC21/slim">

  <leader>02432nam a2200313 u 4500</leader>
  <controlfield tag="001">1540439</controlfield>
  <controlfield tag="005">20260508094128.0</controlfield>
  <controlfield tag="008">200124s2017                        spa  </controlfield>
  <datafield tag="020" ind1=" " ind2=" ">
    <subfield code="a">9786075263021</subfield>
  </datafield>
  <datafield tag="020" ind1=" " ind2=" ">
    <subfield code="a">9786075263045</subfield>
  </datafield>
  <datafield tag="035" ind1=" " ind2=" ">
    <subfield code="a">1540439</subfield>
  </datafield>
  <datafield tag="040" ind1=" " ind2=" ">
    <subfield code="c">comduadb</subfield>
  </datafield>
  <datafield tag="041" ind1=" " ind2=" ">
    <subfield code="a">spa</subfield>
  </datafield>
  <datafield tag="082" ind1=" " ind2="4">
    <subfield code="a">658</subfield>
  </datafield>
  <datafield tag="100" ind1="1" ind2="0">
    <subfield code="a">Louffat Olivares, Jos&#xE9; Enrique</subfield>
    <subfield code="4">aut</subfield>
    <subfield code="e">aut</subfield>
    <subfield code="9">396541</subfield>
  </datafield>
  <datafield tag="245" ind1="1" ind2="0">
    <subfield code="a">Dise&#xF1;o organizacional basado en procesos</subfield>
  </datafield>
  <datafield tag="260" ind1=" " ind2=" ">
    <subfield code="a">M&#xE9;xico D.F. :</subfield>
    <subfield code="b">Cengage Learning,</subfield>
    <subfield code="c">2017.</subfield>
  </datafield>
  <datafield tag="300" ind1=" " ind2=" ">
    <subfield code="a">xv, 139 p&#xE1;ginas :</subfield>
    <subfield code="b">ilustraciones, gr&#xE1;f&#xED;cas, cuadros.</subfield>
  </datafield>
  <datafield tag="505" ind1=" " ind2=" ">
    <subfield code="a">CONTENIDO : Introducci&#xF3;n. -- Cap&#xED;tulo 1: Procesos organizacionales. -- Cap&#xED;tulo 2: Mapa de procesos organizacionales. -- Cap&#xED;tulo 3: Diagramas de flujo (flujogramas). -- Cap&#xED;tulo 4: Modelos organizacionales y organigramas cl&#xE1;sicos. -- Cap&#xED;tulo 5: Modelo de redes y organigramas de procesos organizacionales. -- Cap&#xED;tulo 6: Manuales organizacionales aplicados a configuraciones por procesos. -- Cap&#xED;tulo 7: Repensar la administraci&#xF3;n ante una nueva configuraci&#xF3;n por procesos. -- Bibliograf&#xED;a.</subfield>
  </datafield>
  <datafield tag="520" ind1="3" ind2=" ">
    <subfield code="a">RESUMEN: "Uno de los t&#xE9;rminos m&#xE1;s citados en la administraci&#xF3;n moderna es el de procesos, el cual representa la evoluci&#xF3;n desde los modelos organizacionales cl&#xE1;sicos, basados en &#xE1;reas funcionales, hasta los modelos organizacionales basados en procesos. Esta propuesta rompe los paradigmas tradicionales en la configuraci&#xF3;n organizacional, dejando de lado las estructuras basadas en &#xE1;reas especializadas y dando paso a los modelos basados en procesos. El dise&#xF1;o y la din&#xE1;mica de los procesos organizacionales comprenden la elaboraci&#xF3;n de tres instrumentos centrales: los mapas de procesos organizacionales, los organigramas de procesos (o redes) y los manuales de procesos, los cuales se estructuran sobre la base de cuatro categor&#xED;as de procesos: estrat&#xE9;gicos, ejecutores, de apoyo y el proceso administrativo. El presente libro de manera did&#xE1;ctica ofrece las gu&#xED;as b&#xE1;sicas para elaborar estos tres instrumentos."</subfield>
  </datafield>
  <datafield tag="650" ind1=" " ind2=" ">
    <subfield code="a">Dise&#xF1;o organizacional</subfield>
    <subfield code="9">163345</subfield>
  </datafield>
  <datafield tag="650" ind1=" " ind2=" ">
    <subfield code="a">Diagramas funcionales</subfield>
    <subfield code="9">2316</subfield>
  </datafield>
  <datafield tag="650" ind1=" " ind2=" ">
    <subfield code="a">Diagramas de flujo</subfield>
    <subfield code="9">38923</subfield>
  </datafield>
  <datafield tag="650" ind1=" " ind2=" ">
    <subfield code="a">Organigramas</subfield>
    <subfield code="9">20242</subfield>
  </datafield>
  <datafield tag="650" ind1=" " ind2="7">
    <subfield code="a">Gesti&#xF3;n de procesos</subfield>
    <subfield code="2">armarc</subfield>
    <subfield code="9">38108</subfield>
  </datafield>
  <datafield tag="700" ind1="1" ind2="0">
    <subfield code="a">Arciniega Torres, Ivonne</subfield>
    <subfield code="4">edt</subfield>
    <subfield code="e">edt</subfield>
    <subfield code="9">800359</subfield>
  </datafield>
  <datafield tag="856" ind1="4" ind2=" ">
    <subfield code="u">https://login.udea.lookproxy.com/login?url=https://www.ebooks7-24.com:443/?il=3755</subfield>
  </datafield>
  <datafield tag="942" ind1=" " ind2=" ">
    <subfield code="c">BOOK</subfield>
  </datafield>
  <datafield tag="999" ind1=" " ind2=" ">
    <subfield code="c">812617</subfield>
    <subfield code="d">812617</subfield>
  </datafield>
  <datafield tag="952" ind1=" " ind2=" ">
    <subfield code="0">0</subfield>
    <subfield code="1">0</subfield>
    <subfield code="4">0</subfield>
    <subfield code="7">0</subfield>
    <subfield code="8">GENERAL</subfield>
    <subfield code="a">CAREP</subfield>
    <subfield code="b">CAREP</subfield>
    <subfield code="d">2020-01-24</subfield>
    <subfield code="e">El Bibliotec&#xF3;logo</subfield>
    <subfield code="g">56160.00</subfield>
    <subfield code="i">C1325698</subfield>
    <subfield code="l">0</subfield>
    <subfield code="o">658.402 L886</subfield>
    <subfield code="p">01087546</subfield>
    <subfield code="r">2023-05-04 00:00:00</subfield>
    <subfield code="t">1</subfield>
    <subfield code="w">2023-05-04</subfield>
    <subfield code="y">BOOK</subfield>
  </datafield>
</record>
